| 000 | 00956cad a22002055a 4500 | ||
|---|---|---|---|
| 001 | L158987 | ||
| 008 | 120731s2013 xxkad f s 000 0 eng d | ||
| 035 | _a(Sirsi) u158987 | ||
| 041 | 0 | _aeng | |
| 110 | 2 |
_aRoyal Institution of Chartered Surveyors _bEconomics _95033 |
|
| 245 | 0 | 0 |
_aRICS UK commercial market survey _bQ1 2013 _h[electronic resource] |
| 260 |
_aLondon _bRICS _c2013 |
||
| 490 | 0 |
_aRICS Commercial Market Survey United Kingdom _vQ1 2013 |
|
| 520 | _aRetail sentiment remains negative as office sentiment stabilises. Tenant demand is broadly flat, although it continues to decline in the retail sector. Rent expectations remain slightly negative at a headline level; London offices continue to buck the trend. Investment enquiries pick up significantly, with sales expectations also positive. | ||
| 590 | _aKA | ||
| 650 | 2 | 4 | _aRICS COMMERCIAL MARKET SURVEY |
| 651 | 4 | _aUnited Kingdom | |
| 690 |
_aCommercial property _96227 |
||
| 942 | _n0 | ||
| 999 |
_c115616 _d115616 |
||